000 00515nam a2200205Ia 4500
003 0100
008 130303s9999 xx 000 0 und d
040 _cARRUPELIB
050 _aB721.K36 2005
100 _aKenny, Anthony John Patrick
245 _aMedieval philosophy
260 _aOxford
260 _bClarendon Press
260 _C2005
300 _axvii
300 _b 334p. 25cm.
440 _aA new history of western philosophy No. 2
650 _bCatholic church--Doctrines
942 _2lcc
_023
999 _c63454
_d63454